|
|
|
|
| LEADER |
00922nab#a2200349#ar4500 |
| 001 |
000093708 |
| 003 |
SVKKK |
| 005 |
20090210124719.0 |
| 008 |
080220d1911 xo |||||||||||||||b|hun |
| FMT |
|
|
|
| 038 |
|
|
|a SVKKK
|
| 040 |
|
|
|a SVKKK
|b slo
|e AACR2
|
| 041 |
0 |
|
|a hun
|
| 044 |
|
|
|a xo
|c SK
|
| 080 |
|
|
|a 23/28
|2 1997
|
| 100 |
1 |
|
|a Ágoston, Karol
|4 aut
|
| 242 |
1 |
0 |
|a Veľká Noc
|b Sv. sviatok vykúpenia
|y slo
|
| 245 |
1 |
5 |
|a Husvét
|b A megváltás sz. ünnepe
|
| 500 |
|
|
|a Zd 81/ Ba 09
|
| 520 |
2 |
|
|a Úvodník o kresťanstve ako nositeľke kultúry
|
| 650 |
0 |
4 |
|a kresťanstvo
|x úvaha
|z Prešov (Slovensko)
|y 1911
|
| 655 |
|
4 |
|a hungariká
|
| 773 |
0 |
|
|t Eperjesi Lapok
|g Roč. 36, č. 16 (16.04.1911) s. 1
|
| 957 |
|
|
|a Prešov
|
| 958 |
|
|
|a NT
|
| 958 |
|
|
|a DG
|
| 958 |
|
|
|a HU
|
| 974 |
|
|
|a Ba
|
| 992 |
|
|
|a RBX
|
| 997 |
|
|
|a Ágoston, Károly p. Ágoston, Karol
|d Eperjes p. Prešov
|4 aut
|
| BAS |
|
|
|
| 998 |
|
|
|a RETRO
|